000 00601nab#a2200205#c#4500
999 _c88010
_d88010
003 IEF
005 20191205174241.0
008 950704s1976 uuu|| #####0 b| |u
040 _aIEF
_cES-MaIEF
100 1 _aCanseco Canseco, José Emilio
_98797
245 _aUn análisis macroeconómico de la Seguridad Social española
_c José Emilio Canseco
260 _c1976
650 4 _aSEGURIDAD SOCIAL
_948362
650 4 _aESPAÑA
_941092
650 4 _aANALISIS MACROECONOMICO
_925837
773 0 _tHacienda pública española
_w34570
_g40, p. 159-179
942 _2udc
942 _2udc